000 00981naa a22003497a 4500
001 BR8502834
003 BR-BrBNA
005 20250721154453.0
007 ta
008 250630b bl.|||m| |||| 00| 0 por d
040 _aBR-BrBNA
_bpor
_cBiblioteca Nacional de Agricultura
041 _a(Pt)
072 _aE70
_b0336
_b0120
_b0170
_b0150
_b1410
_b0180
_bG514
090 _aE70 BR8502834
100 1 _aMacagnan, R.
100 1 _aTrennepohl, D.
245 1 _aRetrospectiva do comportamento do mercado dos principais produtos agricolas em 1984
500 _aBoletim CRIAEC Ijui, RS (Brasil): 1985. p. 21-37 (BR8502834-AMS)
650 _aSOJA
650 _aMILHO
650 _aSORGO
650 _aARROZ
650 _aFEIJAO
650 _aTRIGO
650 _aPRODUCAO VEGETAL
650 _aPRECO
650 _aCOMERCIALIZACAO
650 _aMERCADO
490 _aBoletim CRIAEC (Brazil)
_vv. 3(34)
942 _cAMS
_2AGRIS
909 _a202506
_bLúcia
_c55
_dLúcia Elande
999 _c334999
_d334999